<?xml version="1.0" encoding="UTF-8"?>
<record
    xmlns:xsi="http://www.w3.org/2001/XMLSchema-instance"
    xsi:schemaLocation="http://www.loc.gov/MARC21/slim http://www.loc.gov/standards/marcxml/schema/MARC21slim.xsd"
    xmlns="http://www.loc.gov/MARC21/slim">

  <leader>00949nam a2200265   4500</leader>
  <controlfield tag="001">114160</controlfield>
  <controlfield tag="003">DR-UNIBE</controlfield>
  <controlfield tag="005">20251015163519.0</controlfield>
  <controlfield tag="008">251015b        |||||||| |||| 00| 0 spa d</controlfield>
  <datafield tag="040" ind1=" " ind2=" ">
    <subfield code="a">Biblioteca UNIBE</subfield>
    <subfield code="c">Biblioteca UNIBE</subfield>
    <subfield code="e">rda</subfield>
  </datafield>
  <datafield tag="041" ind1=" " ind2=" ">
    <subfield code="a">spa</subfield>
  </datafield>
  <datafield tag="110" ind1="1" ind2="0">
    <subfield code="a">List&#xED;n Diario</subfield>
    <subfield code="9">145523</subfield>
    <subfield code="e">autor</subfield>
  </datafield>
  <datafield tag="245" ind1="1" ind2="3">
    <subfield code="a">Al comp&#xE1;s :</subfield>
    <subfield code="c">revista para ni&#xF1;os y ni&#xF1;as</subfield>
  </datafield>
  <datafield tag="260" ind1=" " ind2=" ">
    <subfield code="a">Santo Domingo :</subfield>
    <subfield code="b">List&#xED;n Diar&#xED;o,</subfield>
    <subfield code="c">2008</subfield>
  </datafield>
  <datafield tag="362" ind1=" " ind2=" ">
    <subfield code="a">10 de enero 2008</subfield>
  </datafield>
  <datafield tag="653" ind1=" " ind2="7">
    <subfield code="a">Revistas infantiles y juveniles dominicanas</subfield>
  </datafield>
  <datafield tag="700" ind1="1" ind2="0">
    <subfield code="a">Rivera, Rosanna</subfield>
    <subfield code="9">199828</subfield>
    <subfield code="e">director de revista y comunicaciones</subfield>
  </datafield>
  <datafield tag="700" ind1="1" ind2="0">
    <subfield code="a">Veras, Lissette</subfield>
    <subfield code="9">199829</subfield>
    <subfield code="e">editor</subfield>
  </datafield>
  <datafield tag="700" ind1="1" ind2="0">
    <subfield code="a">J&#xE1;quez, Yasilis</subfield>
    <subfield code="9">199830</subfield>
    <subfield code="e">coordinador de revistas</subfield>
  </datafield>
  <datafield tag="700" ind1="1" ind2="0">
    <subfield code="a">Matos, Mar&#xED;a Isabel</subfield>
    <subfield code="9">199831</subfield>
    <subfield code="e">redactor</subfield>
  </datafield>
  <datafield tag="700" ind1="1" ind2="0">
    <subfield code="a">Freites, Sof&#xED;a</subfield>
    <subfield code="9">24673</subfield>
    <subfield code="e">redactor</subfield>
  </datafield>
  <datafield tag="700" ind1="1" ind2="0">
    <subfield code="a">Mieses Lora, Susana</subfield>
    <subfield code="9">199832</subfield>
    <subfield code="e">dise&#xF1;ador</subfield>
  </datafield>
  <datafield tag="700" ind1="1" ind2="0">
    <subfield code="a">Abreu, Mayobanex</subfield>
    <subfield code="9">199833</subfield>
    <subfield code="e">dise&#xF1;ador de portada</subfield>
  </datafield>
  <datafield tag="942" ind1=" " ind2=" ">
    <subfield code="2">ddc</subfield>
    <subfield code="c">CR</subfield>
  </datafield>
  <datafield tag="999" ind1=" " ind2=" ">
    <subfield code="c">114160</subfield>
    <subfield code="d">114160</subfield>
  </datafield>
  <datafield tag="952" ind1=" " ind2=" ">
    <subfield code="0">0</subfield>
    <subfield code="1">0</subfield>
    <subfield code="2">ddc</subfield>
    <subfield code="4">0</subfield>
    <subfield code="7">1</subfield>
    <subfield code="8">FBIU</subfield>
    <subfield code="a">Principal</subfield>
    <subfield code="b">Principal</subfield>
    <subfield code="d">2025-08-12</subfield>
    <subfield code="h">No. 891 (19 de enero 2008)</subfield>
    <subfield code="l">0</subfield>
    <subfield code="o">FBIU-LD R C737</subfield>
    <subfield code="p">R250232</subfield>
    <subfield code="r">2025-10-15 16:24:46</subfield>
    <subfield code="t">Ej.1</subfield>
    <subfield code="w">2025-10-15</subfield>
    <subfield code="y">CR</subfield>
  </datafield>
</record>
